000 00671cam a22002293a 4500
001 27775
003 PGUSA
005 20140828083612.0
008 090112s2009||||xxu|||||s|||||000 | eng d
040 _aPGUSA
_beng
042 _adc
050 4 _aPT
100 1 _aJean Paul,
_d1763-1825
245 1 0 _aDes Feldpredigers Schmelzle Reise nach Flätz mit fortgehenden Noten
_h[electronic resource] /
_cJean Paul
260 _bProject Gutenberg,
_c2009
506 _aPublic domain in the USA.
516 _aElectronic text
700 1 _aThylmann, Karl,
_d1888-1916
830 0 _aProject Gutenberg
_v27775
856 4 0 _uhttp://www.gutenberg.org/ebooks/27775
942 _cEB
999 _c257030
_d257030